| 000 | 00742nam a2200217 a 4500 | ||
|---|---|---|---|
| 001 | 55933 | ||
| 003 | (BD-RjUL) | ||
| 005 | 20211209080331.0 | ||
| 008 | 161123s1961 ii ||||| |||| 00| 0 ben d | ||
| 035 | _a(BD-RjUL)56057 | ||
| 040 |
_aBD-RjUL _bben _cBD-RjUL |
||
| 041 | _aben | ||
| 082 |
_223 _a891.442 _bTAR ১৯৬১ |
||
| 100 |
_aঠাকুর, রবীন্দ্রনাথ _9127226 |
||
| 245 | 1 | 0 |
_aরাজা / _cরবীন্দ্রনাথ ঠাকুর |
| 260 |
_aকলকাতা : _bপুস্তক বিপনী, _c১৯৬১? |
||
| 300 |
_a১২৬ পৃ. ; _c১৯ সেমি. |
||
| 650 |
_aবাংলা নাটক _9127227 |
||
| 650 |
_aBengali Drama _9127228 |
||
| 942 |
_2ddc _cBK |
||
| 999 |
_c55933 _d55933 |
||